000 00858nam a2200313Ia 4500
003 OSt
005 20220912144925.0
006 a|||||r|||| 00| 0
007 ta
008 220909b |||||||| |||| 00| 0 eng d
020 _a9780538737012 (pbk)
024 _a127357
037 _cTextbook
040 _aCSL
_beng
_cCSL
041 _aeng
082 _aHf, Q0 TH Carg
100 _aOwen Claudia
245 0 _aEarth lab exploring the earth sciences
250 _a3
260 _aAustralia
_bCengage Learning
_c2010
300 _aix, 467p.
_ccm.
500 _aAppendix 447-450p.; index 451-467p.
650 _a Earth
650 _aGeology
700 _a Draper Grenville
700 _a Pirie Diane
942 _hHf, Q0 TH Carg
_cTB
_2CC
999 _c19130
_d19130